| 000 | 00484nam a2200157 4500 | ||
|---|---|---|---|
| 001 | 135978 | ||
| 003 | ES-MaACL | ||
| 005 | 20230906195014.0 | ||
| 007 | t| | ||
| 008 | 070214s1958 sp r ||||1| spa d | ||
| 100 | 1 |
_aRuiz de Gordoa, José. _9100742 |
|
| 245 | 1 | 0 |
_aPlan de lucha contra las plagas del campo / _cpor D. José Ruiz de Gordoa. |
| 260 |
_aVitoria : _b[s. n.], _c1958 ( _fTall. Tip. Egaña) |
||
| 300 |
_a244 p. : _bil. ; _c23 cm. |
||
| 852 |
_aES-MaACL _jC-14941 _bR.42971 |
||
| 999 |
_c135978 _d135978 |
||